| Tag |
First Indicator |
Second Indicator |
Subfields |
| LEADER |
00000cam a2200000Ii 4500 |
| 001 |
in00002038721 |
| 005 |
20151101051149.0 |
| 008 |
760217s1975 oncd f000 0 eng d |
| 035 |
|
|
|a (OCoLC)ocm01996120
|
| 040 |
|
|
|a OLA
|c OLA
|d TXA
|d UtOrBLW
|
| 041 |
0 |
|
|a eng
|b fre
|
| 043 |
|
|
|a nl-----
|
| 049 |
|
|
|a TXAM
|
| 090 |
|
|
|a GC57
|b .M3 no.38
|
| 100 |
1 |
|
|a Bolduc, Paul-André.
|
| 245 |
1 |
0 |
|a Some considerations on the establishment of the high and low water level planes in the Great Lakes area.
|
| 264 |
|
1 |
|a Ottawa :
|b Environment Canada, Fisheries and Marine Service,
|c 1975.
|
| 300 |
|
|
|a 44 pages :
|b illustrations ;
|c 28 cm.
|
| 336 |
|
|
|a text
|b txt
|2 rdacontent
|
| 337 |
|
|
|a unmediated
|b n
|2 rdamedia
|
| 338 |
|
|
|a volume
|b nc
|2 rdacarrier
|
| 490 |
1 |
|
|a Manuscript report series - Marine Science Directorate, Canada ;
|v no. 38
|
| 500 |
|
|
|a Summary in French.
|
| 650 |
|
0 |
|a Water levels
|z Great Lakes (North America)
|
| 830 |
|
0 |
|a Manuscript report series (Canada. Marine Sciences Directorate) ;
|v no. 38.
|
| 948 |
|
|
|a cataloged
|b h
|c 2005/3/4
|d c
|e jgreene
|f 5:02:20 pm
|
| 994 |
|
|
|a E0
|b TXA
|
| 999 |
|
|
|a MARS
|
| 999 |
f |
f |
|s 11b7c7bf-9752-36ad-b3ee-d6b492eebee2
|i 228537f8-a6a0-3705-9351-b4e410e2cc41
|t 0
|
| 952 |
f |
f |
|p ric
|a Texas A&M University
|b Rellis Campus
|c Joint Library Facility
|d Remote Storage
|t 0
|e GC57 .M3 no.38
|h Library of Congress classification
|i unmediated -- volume
|m A14832329356
|
| 998 |
f |
f |
|a GC57 .M3 no.38
|t 0
|l Remote Storage
|